| 000 | 00555nam a22001697a 4500 | ||
|---|---|---|---|
| 005 | 20250116094523.0 | ||
| 008 | 250113b |||||||| |||| 00| 0 eng d | ||
| 020 | _a9788119365388 | ||
| 082 | _aDC 664 F739 2024 | ||
| 245 |
_aFood processing and packaging / _cedited by Anton Kuris. |
||
| 260 |
_aIndia : _bDiscovery Publishing House, _c©2024. |
||
| 300 |
_av, 251 pages : _bIllustrations ; _c24 cm. |
||
| 500 | _aIncludes references and index. | ||
| 650 | 0 |
_aFood industry and trade. _964543 |
|
| 700 |
_aKuris, Anton. _964451 _eeditor. |
||
| 942 |
_2ddc _cDC |
||
| 999 |
_c23283 _d23283 |
||